000 00582nam a22001937a 4500
999 _c180391
_d180391
005 20210809114510.0
010 _aENG-129686
020 _c495.00
_a9780199489633
035 _aEN-113218
037 _bDBAD/PUB
082 _a345.540773
100 _aJha, Aparna
245 _aDemons & Demigods:
_bDeath Penalty in India/
_cAparna Jha
250 _a2019
260 _aNew Delhi
_bOxford University Press
_c2018
270 _a2/11 Ground floor, Ansari Road, Darya ganj,
_bNew Delhi
_e110002
300 _a190 p.
_c20cm(hbk)
942 _2ddc
_cEN
_h345.540773
_kJHA